Statistics for Countries with Most Oscar Wins

Click here to take the quiz!

General Stats

  • This quiz has been taken 164 times
  • The average score is 10 of 15

Answer Stats

#MovieCountry% Correct
12AmélieFrance
99%
14Life Is BeautifulItaly
94%
4All Quiet on the
Western Front
Germany / West Germany
90%
4The Sea InsideSpain
90%
4DeparturesJapan
79%
3The Virgin SpringSweden
73%
3Another RoundDenmark
68%
3CharacterNetherlands
64%
2AmourAustria
53%
2Wild TalesArgentina
51%
3War and PeaceSoviet Union
49%
2Dangerous MovesSwitzerland
48%
2A SeparationIran
47%
3KolyaCzechoslovakia / Czech Republic
46%
2Son of SaulHungary
46%

Score Distribution

Percentile by Number Answered

Percent of People with Each Score

Your Score History

You have not taken this quiz